| 000 | 00862nam a2200253 i 4500 | ||
|---|---|---|---|
| 001 | 99989 | ||
| 003 | ES-MaACL | ||
| 005 | 20230906182602.0 | ||
| 007 | t| | ||
| 008 | 050921s1911 sp ||||1| spa d | ||
| 080 | _a821.134.2-23"19" | ||
| 100 | 1 |
_aMartínez Sierra, Gregorio, _d1881-1947 _978429 |
|
| 245 | 1 | 0 |
_aCanción de cuna ; _bLirio entre espinas ; El ideal / _cGregorio Martínez Sierra. |
| 246 | 3 | _aLirio entre espinas | |
| 260 |
_aMadrid : _bJuan Pueyo, _c1911. |
||
| 300 |
_a239 p. ; _c18 cm. |
||
| 490 | 1 | _aBiblioteca Renacimiento | |
| 594 | _aObras en colaboración entre Gregorio Martínez Sierra y María Lejárraga (María Martínez Sierra) | ||
| 700 | 1 |
_aMartínez Sierra, María, _d1874-1974 _978430 |
|
| 740 | 3 | 2 | _aEl ideal. |
| 830 | 1 |
_aBiblioteca Renacimiento _9176448 |
|
| 852 | 4 |
_aES-MaACL _jD-2554 |
|
| 999 |
_c99989 _d99989 |
||